000 02262cam a22005294i 4500
003 PE-LiUPU
005 20250731173132.0
008 150623s1999 si a r 000 0 spa d
020 _a0899225047
035 _a(Sirsi) i9780899225043
040 _aPE-LiUPU
_bspa
_cPE-LiUPU
_erda
049 _aPRUA
082 0 4 _a225.61
_bE45A
_221
082 0 4 _a225.61
_bE46
100 1 _aElwell, Walter A.,
_eautor.
245 1 0 _aAl encuentro del Nuevo Testamento :
_bun panorama histórico y teológico /
_cWalter A. Wlwell; Roberth W. Yarbrough.
264 1 _aSingapore :
_bEditorial Caribe,
_c1999.
300 _a448 páginas :
_bilustraciones ;
_c25 centímetros.
336 _atext
_2rdacontent
337 _aunmediated
_2rdamedia
338 _avolume
_2rdacarrier
490 0 _aSerie al Encuentro de la Biblia
505 0 _aAl encuentro de Jesús ylos evangelios -- Al encuentro de hechos y la iglesia primitiva -- Al encuentro de Pablo y us epístolas -- Al encuentro de las epístolas generales y Apocalipsis.
526 _aSEG42
526 _aSEG41
526 _aSEG40
526 _aSEG39
526 _aP94
526 _aP87
526 _aP86
526 _aP85
526 _aP77
526 _aP76
526 _aP35
630 0 4 _aBiblia
_xIntroducciones.
_92045
700 1 _aYarbrough, Robert W.,
_eautor.
910 _tqv
_d20190227
942 _2ddc
_cBOOK
949 _a225.61 E45A
_wDEWEY
_c1
_i53005
_d2016-9-28
_e2016-9-27
_lCCODEBUL1
_mBUL
_n3
_p25.00
_r0
_sY
_tBOOK
_u2015-6-24
_xTEOLOGIA
_PP35
_0COMPRA
_o.STAFF. Colección General
949 _a225.61 E46 1999
_wDEWEY
_c1
_iFJ12704
_lCCODEBUJ1
_mBUJ
_p50.00
_r0
_sY
_tBOOK
_u2019-02-27
_xFACIHED
_PP14
_0COMPRA
_o.STAFF. Colección General Juliaca
994 _aC0
_bPEPRU
596 _a1 3
999 _a225.61 E45A
_wDEWEY
_c33756
_i53005
_d33756
_e2017-10-31
_f2021-11-9
_g5
_lCCODEBUL1
_mBUL
_n4
_p25.00
_q2
_r0
_sY
_tBOOK
_u2015-6-24
_xTEOLOGIA
_PP35
_0COMPRA
_o.STAFF. Colección Teología
999 _a225.61 E46 1999
_wDEWEY
_c1
_iFJ12704
_d2019-11-13
_f2022-2-3
_g2
_lCCODEBUJ1
_mBUJ
_p50.00
_q2
_r0
_sY
_tBOOK
_u2019-2-27
_xEDUCACION
_PP14
_0COMPRA
_o.STAFF. Colección General Juliaca
980 _81
_gALBERTO SANCHEZ Responsable de Automatización